| 000 | 00342nam a2200133Ia 4500 | ||
|---|---|---|---|
| 008 | 220204s9999 xx 000 0 und d | ||
| 082 |
_a528.46 _bDEN |
||
| 100 | _aDent, David | ||
| 245 | 0 | _aSoil survey and land evaluation | |
| 260 |
_aLondon _bGeorge Allen & Unwin _c1981 |
||
| 650 | _aSoil survey | ||
| 700 | _aYoung, Anthony | ||
| 942 | _cBK | ||
| 999 |
_c36456 _d36456 |
||